| 000 | 00360cam a22001217a 4500 | ||
|---|---|---|---|
| 008 | 180718b1980 xxu||||| |||| 00| 0 eng d | ||
| 082 | _aA81x54 In2/71/4/Pt 2 D | ||
| 100 | _aCensus of India 1971 | ||
| 245 | _aBihar: migration tables | ||
| 260 |
_aDelhi _bThe Manager of Publications _c1980 |
||
| 300 | _a943+p. | ||
| 440 | _aCensus of India 1971. Bihar. Part II-D | ||
| 999 |
_c484948 _d484948 |
||